000 00337 a2200145 4500
001 167191
020 _a
040 _cMagnum
100 _aGadotti, Moacir
240 1 0 _aEstado e educacao popular na america latina
_lpor
245 1 0 _aEstado e educacao popular na america latina
362 0 _a1899
697 _aENSINO
942 _cBK
999 _c167191
_d167191